|
|
|
|
| LEADER |
00000cam a2200000 7i4500 |
| 001 |
0000001837 |
| 005 |
20020207.0 |
| 020 |
0 |
0 |
|a 0075542676
|
| 090 |
0 |
0 |
|a 818.303
|b THO 1981
|
| 100 |
1 |
0 |
|a THOREAU
|h Henry David
|c 1817 - 1862
|
| 245 |
1 |
0 |
|a Walden, and other writings
|c by Henry David Thoreau; edited by William Howarth
|
| 260 |
0 |
0 |
|a New York :
|b Modern Library ,
|c 1981
|
| 300 |
|
|
|a lxii, 743 p., [1] leaf of plates :
|b ill. ;
|c 19 cm.
|
| 500 |
0 |
0 |
|a Bibliography: p. xxx-xxxii
|
| 600 |
0 |
0 |
|a Thoreau, Henry David, 1817-1862
|x Homes and haunts
|z Massachusetts
|z Walden Woods
|
| 650 |
0 |
0 |
|a Authors, American
|y 19th century
|x Biography
|
| 650 |
0 |
0 |
|a Natural history
|z Massachusetts
|z Walden Woods
|
| 650 |
0 |
0 |
|a Solitude
|
| 650 |
0 |
0 |
|a Wilderness areas
|z Massachusetts
|z Walden Woods
|
| 651 |
0 |
0 |
|a Walden Woods (Mass.)
|x Social life and customs
|
| 700 |
0 |
1 |
|a Howarth
|h William L. ,
|c 1940 -
|
| 998 |
|
|
|a JPSM
|
| 999 |
|
|
|a 0000000377
|b Monograph
|c Open Shelf
|e Default branch
|